APRENDER CON MAPAS MENTALES : (Registro nro. 54924)
[ vista simple ]
| 000 -LEADER | |
|---|---|
| fixed length control field | 00929nam a2200205 a 4500 |
| 001 - CONTROL NUMBER | |
| control field | 54924 |
| 005 - DATE AND TIME OF LATEST TRANSACTION | |
| control field | 20180714050022.0 |
| 008 - FIXED-LENGTH DATA ELEMENTS--GENERAL INFORMATION | |
| fixed length control field | 140415s2004 sp 000 0 spa d |
| 020 ## - INTERNATIONAL STANDARD BOOK NUMBER | |
| International Standard Book Number | 8427714092 |
| 041 ## - LANGUAGE CODE | |
| Language code of text/sound track or separate title | spa |
| 082 ## - DEWEY DECIMAL CLASSIFICATION NUMBER | |
| Classification number | 371.3028 |
| Item number | ONT |
| 100 1# - MAIN ENTRY--PERSONAL NAME | |
| Personal name | Ontoria Peña, Antonio,. |
| 245 10 - TITLE STATEMENT | |
| Title | APRENDER CON MAPAS MENTALES : |
| Remainder of title | UNA ESTRATEGIA PARA PENSAR Y ESTUDIAR |
| 250 ## - EDITION STATEMENT | |
| Edition statement | 3a ed. |
| 260 ## - PUBLICATION, DISTRIBUTION, ETC. | |
| Place of publication, distribution, etc. | ESPAÑA : |
| Name of publisher, distributor, etc. | NARCEA, S. A. DE EDICIONES, |
| Date of publication, distribution, etc. | 2004 |
| 300 ## - PHYSICAL DESCRIPTION | |
| Extent | 357 |
| Dimensions | 21.5 x 15 x 0.7 |
| 520 ## - SUMMARY, ETC. | |
| Summary, etc. | EL FUNCIONAMIENTO GLOBAL DEL CEREBRO EN LA ACTIVIDAD DE APRENDER Y PENSAR, SE CONECTA CON LA IDEA DE LA TOTALIDAD EN LA CONSTRUCCIÓN DEL CONOCIMIENTO. LOS MAPAS MENTALES SON UNA NUEVA TÉCNICA/ESTRTEGIA CREADA PARA LLEVAR A LA PRÁCTICA ESTE ENFOQUE DEL APRENDIZAJE |
| 650 14 - SUBJECT ADDED ENTRY--TOPICAL TERM | |
| Topical term or geographic name entry element | EVALUACION EDUCATIVA |
| General subdivision | PROCESOS COGNOSCITIVOS |
| -- | PSICOLOGIA EDUCATIVA |
| 700 1# - ADDED ENTRY--PERSONAL NAME | |
| Personal name | GOMEZ, JUAN PEDRO R. -LUQUE, ANGELA DE |
| Relator term | coaut. |
| Withdrawn status | Lost status | Source of classification or shelving scheme | Damaged status | Not for loan | Collection code | Home library | Current library | Shelving location | Date acquired | Source of acquisition | Inventory number | Total Checkouts | Full call number | Barcode | Date last seen | Date last checked out | Price effective from | Koha item type |
|---|---|---|---|---|---|---|---|---|---|---|---|---|---|---|---|---|---|---|
| Dewey Decimal Classification | General | Biblioteca Karol Wojtyla | Biblioteca Karol Wojtyla | Sala general | 03/12/2013 | Compra | 151000000000000000041988 | 1 | 371.3028 ONT | 68853 | 05/01/2026 | 24/06/2019 | 03/12/2013 | Libro | ||||
| Dewey Decimal Classification | General | Biblioteca Karol Wojtyla | Biblioteca Karol Wojtyla | Sala general | 03/12/2013 | Compra | 151000000000000000041989 | 2 | 371.3028 ONT | 82427 | 05/01/2026 | 17/10/2023 | 03/12/2013 | Libro |